LEADER 01312nam a2200301 u 4500 001 000000061967 003 CaOOAMICUS 005 20070226121101.0 008 010917s1997 it u000 u ita u 020 $a8810104773 035 $a10903222 040 $aPUL$bita 100 1 $aBenvenuto, Edoardo.$0(OLS)http://pul/name/33497 245 13$aIl lieto annunzio ai poveri :$briflessioni storiche sulla Dottrina sociale della Chiesa /$cEdoardo Benvenuto. 260 $aBologna :$bEdizioni Dehoniane Bologna,$cc1997. 300 $a363 p. ;$c19 cm 490 1 $aFede e storia ;$v27 504 $aBibliografia in nota. 650 4$aDottrina sociale della Chiesa.$0(OLS)http://pul/subject/33229 830 0$aFede e storia ;$v27.$0(OLS)http://pul/title/57325 850 $aPUL 852 $aPUL$W1$xSL Religione 2$y84$mRH D 12$j80652$nBK-PRI$b $qStampati altre collocazioni$B80652$CPULBib$Z2$F80652 $H $81 941 1 $a10 960 $aDottrina sociale cristiana$933229 961 $aINV: 85154 996 $6020$a8810104773$9(OLS)http://pul/number/80298 996 $6245$aIl lieto annunzio ai poveri :$briflessioni storiche sulla Dottrina sociale della Chiesa$9(OLS)http://pul/title/82704 996 $6260$aBologna :$bEdizioni Dehoniane Bologna$9(OLS)http://pul/publisher/60955 LEADER 01467nam a2200349 a 4500 001 000000143659 003 CaOOAMICUS 005 20150528093823.0 008 150528s2015 it u000 u ita r 020 $a978-88-6689-641-8 040 $aPUL$bita 082 $a348.45 110 1 $aItalia.$0(OLS)http://pul/name/1188 240 10$aCodice civile (2015).$0(OLS)http://pul/title/179136 245 10$aCodice civile e leggi complementari /$ca cura di Francesco Bartolini. 250 $a38. ed. 260 $aPiacenza :$bCELT La Tribuna,$cİ2015. 300 $a1594 p. ;$c19 cm 490 1 $aI codici vigenti 2015 500 $aTesto su due colonne. 500 $aSulla cop.: Aggiornato con le norme sulla negoziazione assistita (L. n. 162/2014). 650 4$aDiritto civile$zItalia.$0(OLS)http://pul/subject/3770 700 1 $aBartolini, Francesco,$d1942-$0(OLS)http://pul/name/35926 830 0$aCodici vigenti 2015.$0(OLS)http://pul/title/181748 850 $aPUL 852 $aPUL$W1$xDP2 Diritto e Scienze Sociali 3$y110$m348. 45 COD 3.1.27$j165746$qDDC 21$B166091$CPULBib$Z2$F166091 $H125930 $82 941 1 $a9 996 $6020$a978-88-6689-641-8$9(OLS)http://pul/number/157687 996 $6082$a348.45$9(OLS)http://pul/classification/373 996 $6245$aCodice civile e leggi complementari$9(OLS)http://pul/title/104033 996 $6260$aPiacenza :$bCELT La Tribuna$9(OLS)http://pul/publisher/83033